Vector mechanics for engineers (Record no. 4856)

000 -LEADER
fixed length control field 00594nam a2200217 a 4500
001 - CONTROL NUMBER
control field 4856
003 - CONTROL NUMBER IDENTIFIER
control field BD-DhUET
008 - FIXED-LENGTH DATA ELEMENTS--GENERAL INFORMATION
fixed length control field 840307s1984 nyua 001 0 eng
020 ## - INTERNATIONAL STANDARD BOOK NUMBER
International Standard Book Number 0070044384
040 ## - CATALOGING SOURCE
Original cataloging agency DLC
Transcribing agency DLC
Modifying agency BD-DhUET
082 00 - DEWEY DECIMAL CLASSIFICATION NUMBER
Classification number 620.1
Item number BEE/1984
100 ## - MAIN ENTRY--PERSONAL NAME
Personal name Beer, Ferdinand P.
245 10 - TITLE STATEMENT
Title Vector mechanics for engineers
Remainder of title statics and dynamics
250 ## - EDITION STATEMENT
Edition statement 4th ed.
260 ## - PUBLICATION, DISTRIBUTION, ETC. (IMPRINT)
Place of publication, distribution, etc. New York
Name of publisher, distributor, etc. McGraw-Hill
Date of publication, distribution, etc. 1984
300 ## - PHYSICAL DESCRIPTION
Extent xxi, 926 p.
Other physical details ill.
Dimensions 24 cm.
504 ## - BIBLIOGRAPHY, ETC. NOTE
Bibliography, etc Includes bibliographies
650 #0 - SUBJECT ADDED ENTRY--TOPICAL TERM
Topical term or geographic name as entry element Engineering instruments
700 1# - ADDED ENTRY--PERSONAL NAME
Personal name Johnston, E. Russell
942 ## - ADDED ENTRY ELEMENTS (KOHA)
Koha item type General Book
Holdings
Koha issues (times borrowed) Not for loan Damaged status Location (home branch) Withdrawn status Koha item type Koha date last borrowed Date acquired Lost status Price effective from Sublocation or collection (holding branch) Koha date last seen Source of classification or shelving scheme Koha full call number Koha normalized classification for sorting Copy number Piece designation (barcode) Shelving location
   Central Library, BUET General Book 2014-11-23 2014-11-23Central Library, BUET2015-12-08 620.1/BEE/1984620_100000000000000_BEE_1984166051Circulation section
2  Central Library, BUET General Book2022-06-122014-11-24 2014-11-24Central Library, BUET2022-06-20 620.1/BEE/1984620_000000000000000_1BEE1984166042Circulation section
4  Central Library, BUET General Book2023-01-102014-11-29 2014-11-29Central Library, BUET2023-06-07 620.1/BEE/1984620_100000000000000_BEE_1984166086Circulation section
1  Central Library, BUET General Book2025-04-302014-12-11 2014-12-11Central Library, BUET2025-05-28 620.1 /BEE/1984620_100000000000000_BEE_19844966044Circulation section
   Central Library, BUET General Book 2014-12-11 2014-12-11Central Library, BUET2015-02-23 620.1/BEE/1984620_100000000000000_BEE_1984166012Circulation section
   Central Library, BUET General Book 2015-01-19 2015-01-19Central Library, BUET2015-12-22 620.1/BEE/1984620_100000000000000_BEE_1984666043Circulation section
1  Central Library, BUET General Book2022-11-212015-02-16 2015-02-16Central Library, BUET2022-12-13 620.1/BEE/1984620_100000000000000_BEE_1984781336Circulation section
1  Central Library, BUET General Book2018-04-182015-04-01 2015-04-01Central Library, BUET2018-04-30 620.1/BEE/1984620_100000000000000_BEE_1984166048Circulation section
   Central Library, BUET Reading Item 2015-06-21 2015-06-21Central Library, BUET2015-06-21 620.1/BEE/1984620_100000000000000_BEE_1984966015Reading section
   Central Library, BUET General Book 2015-06-22 2015-06-22Central Library, BUET2015-06-22 620.1/BEE/1984620_100000000000000_BEE_19841066014Reading section
   Central Library, BUET General Book 2015-06-22 2015-06-22Central Library, BUET2015-06-22 620.1/BEE/1984620_100000000000000_BEE_19841166013Reading section
   Central Library, BUET Reading Item 2015-06-29 2015-06-29Central Library, BUET2015-06-29 620.01/BEE/1984620_010000000000000_BEE_19841266095Reading section
   Central Library, BUET General Book 2015-07-28 2015-07-28Central Library, BUET2015-07-28 620.1/BEE/1984620_100000000000000_BEE_19841375502Circulation section